000 00977nam a2200217 a 4500
001 BRCA_8988
005 20190320210501.0
008 110717s1766----sp-#######---#000-0#lat-#
041 _alat
044 _aspa
084 _aLM5
_b.G733 1766
100 1 _aGranatensi, Ludovico
_d1504 - 1588
_922307
245 1 0 _aTertius tomus Concionum de tempore, quae a dominica IV. quadragesimae ad ejus usque finem haberi solent
_bquinque de poenitentia conciones, quae diebus Dominicis in Quadragesima horis pomeridianis habitae sunt
_cauctore R.P.F. Ludovico Granatensi, Sac. Theol. Monacho Dominicano.
260 _aValentiae Hedetanorum
_bIn oficina viduae Josephi de Orga
_c1766
300 _a547 p. (t.3)
_c21 x 15.5 cm
500 _aSuperiorum permissu
500 _aEstado físico: presenta encuadernación en pergamino con cintas, cantos decorados y presencia del pez de plata
650 1 4 _aFiestas religiosas
_yObras anteriores a 1800
_922308
902 _aCFM
942 _2lcc
_cB
999 _c8639
_d8639